Материалы к познанию прямокрылых Кавказа и сопредельных стран. 1: Прямокрылые, собранные П.В. Нестеровым во время путешествия вдоль персидско-турецкой границы (Запись № 7483371)

Подробности
000 -МАРКЕР
контрольное поле 01852nam2a22003251 4500
001 - ИДЕНТИФИКАТОР ЗАПИСИ
контрольное поле v19\rc\2030032
005 - ИДЕНТИФИКАТОР ВЕРСИИ
контрольное поле 20251118181528.8
035 ## - ДРУГИЕ СИСТЕМНЫЕ НОМЕРА
Идентификатор записи (NLR Aleph) 005110032
100 ## - ДАННЫЕ ОБЩЕЙ ОБРАБОТКИ
Данные общей обработки 20251123 rusy50
101 0# - ЯЗЫК РЕСУРСА
Язык текста, звукозаписи и т.д. русский
102 ## - СТРАНА ПУБЛИКАЦИИ ИЛИ ПРОИЗВОДСТВА
Страна публикации Российская Федерация
105 ## - ПОЛЕ КОДИРОВАННЫХ ДАННЫХ: ТЕКСТОВЫЕ МАТЕРИАЛЫ, МОНОГРАФИЧЕСКИЕ
Кодированные данные о монографическом текстовом документе a z |||||
200 1# - ЗАГЛАВИЕ И СВЕДЕНИЯ ОБ ОТВЕТСТВЕННОСТИ
Основное заглавие Прямокрылые, собранные П.В. Нестеровым во время путешествия вдоль персидско-турецкой границы
210 ## - ПУБЛИКАЦИЯ, РАСПРОСТРАНЕНИЕ И ДР.
Дата издания, распространения и т.д. 1916
215 ## - ФИЗИЧЕСКАЯ ХАРАКТЕРИСТИКА
Специфическое обозначение материала и объем 14 с., 9 ил.
311 ## - ПРИМЕЧАНИЯ, ОТНОСЯЩИЕСЯ К ПОЛЯМ СВЯЗИ (ПРИМЕЧАНИЯ О СВЯЗИ С ДРУГИМИ ПРОИЗВЕДЕНИЯМИ (ИЗДАНИЯМИ))
Текст примечания Перепеч. из 10 т. "Изв. Кавк. музея"
461 #0 - УРОВЕНЬ НАБОРА
Встроенное поле 001v19\rc\2030031
-- 2001#$aМатериалы к познанию прямокрылых Кавказа и сопредельных стран$e1-$fБ.П. Уваров$v1
-- 700#1$aУваров$bБ. П.$f1888-1970$gБорис Петрович$3RU\NLR\AUTH\770249194$4070
Системный номер (АБИС) связанной записи 7483364
Автор Уваров, Б. П. (1888-1970)
Место публикации Тифлис
Дата публикации 1916
Первые сведения об ответственности Б.П. Уваров
Имя издателя, распространителя и т.д. тип. Канц. нам. е. и. в. на Кавказе
Сведения, относящиеся к заглавию 1-
Заглавие Материалы к познанию прямокрылых Кавказа и сопредельных стран
Номер тома 1
488 #0 - ДРУГИЕ ВЗАИМОСВЯЗАННЫЕ ПРОИЗВЕДЕНИЯ (ДОКУМЕНТЫ)
Встроенное поле 2001#$aИзвестия Кавказского музея$vТ. 10
Заглавие Известия Кавказского музея
532 10 - РАСШИРЕННОЕ ЗАГЛАВИЕ
Заглавие Прямокрылые, собранные Павлом Владимировичем Нестеровым во время путешествия вдоль персидско-турецкой границы
702 #1 - ИМЯ ЛИЦА - ВТОРИЧНАЯ ОТВЕТСТВЕННОСТЬ
Начальный элемент ввода Нестеров
Часть имени, кроме начального элемента ввода П.В.
Расширение инициалов личного имени Петр Владимирович
Код отношения Прочие
801 #0 - ИСТОЧНИК ЗАПИСИ
Страна Российская Федерация
Организация NLR
Правила каталогизации psbo
801 #0 - ИСТОЧНИК ЗАПИСИ
Страна Российская Федерация
Организация RuMoRGB
Источник данных psbo
801 #1 - ИСТОЧНИК ЗАПИСИ
Страна Российская Федерация
Организация ProSoft-M
Источник данных rusmarc
852 ## - МЕСТОНАХОЖДЕНИЕ И ШИФР ХРАНЕНИЯ
Идентификатор организации NLR
Шифр хранения (Call Number) 37.56.6.336
899 ## - ДАННЫЕ О МЕСТОНАХОЖДЕНИИ (устаревшее)
Местонахождение RuMoRGB
Шифр хранения V 283/253
899 ## - ДАННЫЕ О МЕСТОНАХОЖДЕНИИ (устаревшее)
Местонахождение RuMoRGB
Шифр хранения J 89/455
942 ## - ДОПОЛНИТЕЛЬНЫЕ ЭЛЕМЕНТЫ ЗАПИСИ (АБИС)
Тип экземпляра АБИС Книга
980 ## - КОЛЛЕКЦИЯ
Название коллекции Национальная библиография
Экземпляры
Тип экземпляра Дата поступления Библиотека постоянного хранения Библиотека текущего хранения Место хранения Шифр хранения Штрих-код Статус экземпляра
Книга 26.10.2013 РНБ (Садовая) РНБ (Садовая) Русский книжный фонд -Главное здание, Ленинский читальный зал 37.56.6.336 5110032-10